Koleksi lagu-lagu nasyid peringkat kebangsaan : (Record no. 3979)

000 -LEADER
fixed length control field nam a22 a 4500
003 - CONTROL NUMBER IDENTIFIER
control field AKMAL
005 - DATE AND TIME OF LATEST TRANSACTION
control field 20170524142941.0
008 - FIXED-LENGTH DATA ELEMENTS--GENERAL INFORMATION
fixed length control field 170524s2003 my | e | f000 0 may d
082 04 - DEWEY DECIMAL CLASSIFICATION NUMBER
Classification number 782.25 KOL
Edition number 22
090 00 - LOCALLY ASSIGNED LC-TYPE CALL NUMBER (OCLC); LOCAL CALL NUMBER (RLIN)
Classification number (OCLC) (R) ; Classification number, CALL (RLIN) (NR) 782.25
Local cutter number (OCLC) ; Book number/undivided call number, CALL (RLIN) KOL
245 1# - TITLE STATEMENT
Title Koleksi lagu-lagu nasyid peringkat kebangsaan :
Remainder of title (1991M/1411H -2002M/1423H)
260 ## - PUBLICATION, DISTRIBUTION, ETC.
Place of publication, distribution, etc. Putrajaya :
Name of publisher, distributor, etc. Jabatan Kemajuan Islam Malaysia,
Date of publication, distribution, etc. 2003
300 ## - PHYSICAL DESCRIPTION
Extent vii, 64ms. ;
Dimensions 21cm
650 10 - SUBJECT ADDED ENTRY--TOPICAL TERM
Topical term or geographic name entry element Sacred songs
General subdivision Competitions
Geographic subdivision Malaysia
9 (RLIN) 7812
942 ## - ADDED ENTRY ELEMENTS (KOHA)
Source of classification or shelving scheme
Koha item type Book
Holdings
Withdrawn status Lost status Source of classification or shelving scheme Damaged status Not for loan Collection code Home library Current library Shelving location Date acquired Inventory number Total Checkouts Full call number Barcode Date last seen Price effective from Koha item type
          NON-FICTION AKMAL Melaka AKMAL Melaka PINJAMAN 24.05.2017 700186   782.25 KOL 201704858 24.05.2017 24.05.2017 Book
Pusat Sumber Maklumat Dato' Haji Sarmin Md Hussin, Akademi Kastam Diraja Malaysia, Melaka
Tel: 06-2331106 | Faks: 06-2313787